| 000 | 00538nam a2200169 i 4500 | ||
|---|---|---|---|
| 001 | 76654 | ||
| 003 | ES-MaACL | ||
| 005 | 20230906172918.0 | ||
| 007 | t| | ||
| 008 | 041004s1971 sp ||||1| spa d | ||
| 100 | 1 |
_aGuillemot, J. _960755 |
|
| 245 | 1 | 0 |
_aGeología del petróleo / _cJ. Guillemot ; traducido y ampliado con un apéndice por Fernando Meléndez Hevía. |
| 260 |
_aMadrid : _bParaninfo, _c1971. |
||
| 300 |
_a398 p. : _bil. ; _c22 cm. |
||
| 700 | 1 |
_aMeléndez Hevia, Fernando. _979922 |
|
| 852 |
_aES-MaACL _jC-38302 _bR.78788 |
||
| 999 |
_c76654 _d76654 |
||